<?xml version="1.0" encoding="UTF-8"?>
<collection xmlns="http://www.loc.gov/MARC21/slim">
 <record>
  <leader>01861nam a22002297a 4500</leader>
  <controlfield tag="001">NCT_4_013938</controlfield>
  <controlfield tag="008">241021b        xxu||||| |||| 00| 0 vie d</controlfield>
  <datafield tag="999" ind1=" " ind2=" ">
   <subfield code="c">8656</subfield>
   <subfield code="d">8656</subfield>
  </datafield>
  <datafield tag="020" ind1=" " ind2=" ">
   <subfield code="a">9786044880853</subfield>
   <subfield code="c">135000</subfield>
  </datafield>
  <datafield tag="082" ind1="0" ind2="4">
   <subfield code="2">23rd ed.</subfield>
   <subfield code="a">363.192</subfield>
   <subfield code="b">T500</subfield>
  </datafield>
  <datafield tag="100" ind1="1" ind2=" ">
   <subfield code="a">Nguyễn Thị Minh Tú</subfield>
  </datafield>
  <datafield tag="245" ind1="1" ind2="0">
   <subfield code="a">Hệ thống quản lý và đảm bảo chất lượng thực phẩm</subfield>
   <subfield code="c">Nguyễn Thị Minh Tú, Nguyễn Thị Thảo, Vũ Hồng Sơn</subfield>
  </datafield>
  <datafield tag="260" ind1=" " ind2=" ">
   <subfield code="a">H.</subfield>
   <subfield code="b">Bách khoa Hà Nội</subfield>
   <subfield code="c">2024</subfield>
  </datafield>
  <datafield tag="300" ind1=" " ind2=" ">
   <subfield code="a">244 tr.</subfield>
   <subfield code="b">minh hoạ</subfield>
   <subfield code="c">24cm</subfield>
  </datafield>
  <datafield tag="520" ind1="3" ind2=" ">
   <subfield code="a">Trình bày một số khái niệm liên quan quản lý chất lượng và đảm bảo chất lượng; hoạt động quản lý và đảm bảo chất lượng; hệ thống quản lý chất lượng; hệ thống quản lý và đảm bảo an toàn thực phẩm; hệ thống quản lý chất lượng thử nghiệm; các hệ thống và tiêu chuẩn quản lý khác trong công nghệ thực phẩm; hệ thống thực phẩm</subfield>
  </datafield>
  <datafield tag="653" ind1=" " ind2=" ">
   <subfield code="a">Công nghệ thực phẩm</subfield>
  </datafield>
  <datafield tag="942" ind1=" " ind2=" ">
   <subfield code="2">ddc</subfield>
   <subfield code="c">BK</subfield>
  </datafield>
  <datafield tag="952" ind1=" " ind2=" ">
   <subfield code="0">0</subfield>
   <subfield code="1">0</subfield>
   <subfield code="2">ddc</subfield>
   <subfield code="4">0</subfield>
   <subfield code="6">363_192000000000000_T500</subfield>
   <subfield code="7">0</subfield>
   <subfield code="9">29760</subfield>
   <subfield code="a">000001</subfield>
   <subfield code="b">000001</subfield>
   <subfield code="d">2024-10-21</subfield>
   <subfield code="o">363.192 T500</subfield>
   <subfield code="p">MD.22833</subfield>
   <subfield code="r">2024-10-21</subfield>
   <subfield code="v">135000.00</subfield>
   <subfield code="w">2024-10-21</subfield>
   <subfield code="y">BK</subfield>
  </datafield>
  <datafield tag="952" ind1=" " ind2=" ">
   <subfield code="0">0</subfield>
   <subfield code="1">0</subfield>
   <subfield code="2">ddc</subfield>
   <subfield code="4">0</subfield>
   <subfield code="6">363_192000000000000_T500</subfield>
   <subfield code="7">0</subfield>
   <subfield code="9">29761</subfield>
   <subfield code="a">000001</subfield>
   <subfield code="b">000001</subfield>
   <subfield code="d">2024-10-21</subfield>
   <subfield code="o">363.192 T500</subfield>
   <subfield code="p">MD.22834</subfield>
   <subfield code="r">2024-10-21</subfield>
   <subfield code="v">135000.00</subfield>
   <subfield code="w">2024-10-21</subfield>
   <subfield code="y">BK</subfield>
  </datafield>
  <datafield tag="952" ind1=" " ind2=" ">
   <subfield code="0">0</subfield>
   <subfield code="1">0</subfield>
   <subfield code="2">ddc</subfield>
   <subfield code="4">0</subfield>
   <subfield code="6">363_192000000000000_T500</subfield>
   <subfield code="7">0</subfield>
   <subfield code="9">29762</subfield>
   <subfield code="a">000001</subfield>
   <subfield code="b">000001</subfield>
   <subfield code="d">2024-10-21</subfield>
   <subfield code="l">1</subfield>
   <subfield code="o">363.192 T500</subfield>
   <subfield code="p">MD.22835</subfield>
   <subfield code="r">2025-02-22</subfield>
   <subfield code="s">2025-02-08</subfield>
   <subfield code="v">135000.00</subfield>
   <subfield code="w">2024-10-21</subfield>
   <subfield code="y">BK</subfield>
  </datafield>
  <datafield tag="952" ind1=" " ind2=" ">
   <subfield code="0">0</subfield>
   <subfield code="1">0</subfield>
   <subfield code="2">ddc</subfield>
   <subfield code="4">0</subfield>
   <subfield code="6">363_192000000000000_T500</subfield>
   <subfield code="7">0</subfield>
   <subfield code="9">29763</subfield>
   <subfield code="a">000001</subfield>
   <subfield code="b">000001</subfield>
   <subfield code="d">2024-10-21</subfield>
   <subfield code="o">363.192 T500</subfield>
   <subfield code="p">MD.22836</subfield>
   <subfield code="r">2024-10-21</subfield>
   <subfield code="v">135000.00</subfield>
   <subfield code="w">2024-10-21</subfield>
   <subfield code="y">BK</subfield>
  </datafield>
  <datafield tag="980" ind1=" " ind2=" ">
   <subfield code="a">Thư viện Trường Đại học Nam Cần Thơ</subfield>
  </datafield>
 </record>
</collection>
